| 000 | 01068nam a22002777a 4500 | ||
|---|---|---|---|
| 005 | 20121010121910.0 | ||
| 008 | 121010t xxu||||| |||| 00| 0 eng d | ||
| 010 | _aENG-106061 | ||
| 020 |
_a9781259003363 _c475.00 |
||
| 020 |
_a1259003361 _c475.00 |
||
| 035 | _aEN-89594 | ||
| 037 | _bDBAD/PUB | ||
| 040 |
_aDPL _bEng |
||
| 082 | _a620.137 | ||
| 100 |
_953003 _aKrishna Raju, N. |
||
| 245 | 1 | 0 |
_aPrestressed concrete / _cby N. Krishna Raju |
| 250 | _a5th ed | ||
| 260 |
_aNew Delhi _bTata McGraw-Hill _c2012 |
||
| 270 |
_a7 West Patel Nagar _bNew Delhi _e110008 |
||
| 300 |
_axxii,812p. : _bill. _c24cm(pbk) |
||
| 500 | _aIncludes index | ||
| 650 |
_aPrestressed concrete _953015 |
||
| 942 |
_2ddc _cEN _h620.137 _mKRI |
||
| 999 |
_c70765 _d70765 |
||